000 00641nas a2200217 4500
001 BR9511780
003 BR-BrBNA
005 20231205094611.0
007 ta
008 230509b bl.|||p| |||| 00| 00por d
040 _aBR-BrBNA
_bpor
_cBiblioteca Nacional de Agricultura
041 _a(Pt)
072 _aK10
100 1 _aAltberg, E.
245 1 _aNo cultivo do kiri, lucro certo do agricultor e riqueza do pais
650 _aKiri
650 _aArvore Florestal
773 0 _tAgricultura e Pecuaria (Brazil)
_xISSN 0100-249x
_g(Sep 1975), n. 603 p. 4-5
_wBR9511780
909 _a202311
_bLúcia
_c55
_dLúcia Elande
942 _2AGRIS
_n0
_cANA
999 _c145567
_d145567